000 01024nam2a22002531 4500
001 RU\NLR\INFOCOMM33\1000082266
005 20250617072408.0
035 _a(NLR Aleph) 002550272
090 _a3013732
_c3013732
100 _a20040615d1904 |||y0rusy50 ca
101 0 _arus
102 _aRU
105 _ay |||||||||
200 0 _a1904, №4
210 _d1904
_aБ. м.
421 0 _12001#$aТаблица умножения на пальцах
_1210##$a[М.$d1904]
_1215##$a1 с.
_1309##$a(Припл.)
_tТаблица умножения на пальцах
461 0 _1001RU\NLR\INFOCOMM33\1000081626
_12001#$aЦиркуляр по Московскому учебному округу$v1904, №4
_93012355
_aМосковский учебный округ
_cМ.
_d1862-1909
_tЦиркуляр по Московскому учебному округу
_v1904, №4
801 1 _aRU
_bInfoComm
_c20040615
801 0 _aRU
_bNLR
_gPSBO
852 _aNLR
_j6/360
942 _cISSUE
980 _aNB
980 _aRUSPER